| 000 | 00724nam a2200229 4500 | ||
|---|---|---|---|
| 003 | OSt | ||
| 005 | 20240727032743.0 | ||
| 006 | a | ||
| 008 | 240727b |||||||| |||| 00| 0 eng d | ||
| 020 | _a9780763781620 | ||
| 040 |
_aDWCL-Main lib. _cOC |
||
| 082 | _aCirc. 616.911 D6229 2011 | ||
| 100 | _aDizon, Don S. | ||
| 245 | _aQuestions & answers about human papilloma Virus (HPV) / | ||
| 260 |
_bSudbury, Mass : _aJones & Bartlett Pub. , _cc2011. |
||
| 300 |
_ax, _b101 p. , _c23 cm. |
||
| 504 | _aIncludes index. | ||
| 650 | _a1. Papillomavirus diseases-Miscellanea. | ||
| 650 | _a2. Papillomaviruses-Miscellania. | ||
| 650 | _a3. Generative organs-Infections-Miscellanea. | ||
| 942 |
_2ddc _n0 _cBK-CIRC _kCirc. |
||
| 999 |
_c2866 _d2866 |
||